Texas review of law & politics

Detalles Bibliográficos
Autor Corporativo: University of Texas at Austin. School of Law
Formato: Electrónico Revista
Lenguaje:inglés
Publicado: [Austin, Tex] : [University of Texas School of Law]
Materias:
Acceso en línea:Full text available from Research Library: 10/01/1999 to present

MARC

LEADER 00000nas a2200000 a 4500
001 ssj0014300
003 WaSeSS
005 20200512172242.0
006 m d
007 cr n
008 050822c19979999txutr p s g s0 a0eng c
010 |a  2008228502 
016 7 |a 023163224  |2 DE-101 
016 7 |a 2070486-0  |2 DE-600 
016 7 |a 023163224  |2 de-101 
016 7 |a 20704860  |2 de-600 
022 |a 1942-8618  |l 1098-4577  |y 1098-4577 
035 |a (WaSeSS)ssj0014300 
037 |b Texas Review of Law and Politics, 727 E. 26th St., Rm. 4.130, Austin, Texas 78705-3299 
040 |a OCLCS  |b eng  |e pn  |c OCLCS  |d OCLCS  |d DOS  |d OCLCQ  |d DLC  |d OCLCQ  |d HEBIS  |d DEBBG  |d OCLCQ  |d GBVCP  |d OCLCF  |d OCLCQ  |d VGL  |d OCLCA  |d BUF  |d OCL  |d UUM  |d VT2  |d OCLCO  |d U3W  |d OCLCO  |d YOR  |d WaSeSS 
042 |a pcc  |a nsdp 
043 |a n-us-tx 
050 1 4 |a K24 
082 1 0 |a 340  |2 14 
222 0 |a Texas review of law & politics  |b (Online) 
245 0 0 |a Texas review of law & politics  |h [electronic resource]. 
246 1 |a Texas review of law and politics 
246 1 3 |a Tex. Rev. L. & Pol 
260 |a [Austin, Tex] :  |b [University of Texas School of Law] 
310 |a Three times a year,  |b 2016- 
321 |a Semiannual,  |b 1997-2015 
362 1 |a Began with vol. 1, no. 1 (spring 1997). 
506 |a License restrictions may limit access. 
588 |a Description based on: Vol. 1, no. 1 (spring 1997); title from PDF table of contents page (HeinOnline, viewed July 26, 2018). 
588 |a Latest issue consulted: Vol. 22, no. 2 (winter 2017/2018) (HeinOnline, viewed July 26, 2018). 
650 0 |a Law reviews  |z Texas. 
650 0 |a Law  |v Periodicals. 
650 7 |a Law.  |2 fast  |0 (OCoLC)fst00993678 
650 7 |a Law reviews.  |2 fast  |0 (OCoLC)fst00994120 
651 7 |a Texas.  |2 fast  |0 (OCoLC)fst01210336 
655 0 |a Electronic journals. 
710 2 |a University of Texas at Austin.  |b School of Law. 
776 0 8 |i Print version:  |t Texas review of law & politics  |x 1098-4577  |w (DLC) 98644715  |w (OCoLC)36928381 
856 4 0 |z Full text available from Research Library: 10/01/1999 to present  |u https://search.proquest.com/publication/46789